Countries with the Most Reddit Internet Traffic - Statistics

General Stats
  • This quiz has been taken 204 times
  • The average score is 9 of 10
Answer Stats
% Country % Correct
42.95 United States
100%
5.46 United Kingdom
99%
2.97 France
97%
5.01 Canada
95%
3.49 Germany
94%
5.18 India
87%
3.54 Australia
85%
2.62 Brazil
84%
2.55 Netherlands
64%
2.05 Sweden
54%
No matching quizzes found
Score Distribution
Percent of People with Each Score
Percentile by Number Answered
Your Score History
You have not taken this quiz